[Event "DEN-ch M5 Gr2 "]
[Site "Koge"]
[Date "2005.??.??"]
[Round "5"]
[White "Petersen, Per"]
[Black "Risager, Jakob Koba"]
[Result "1-0"]
[WhiteElo "1932"]
[BlackElo "1939"]
[PlyCount "99"]
[EventDate "2005.??.??"]
[EventType "swiss"]
[EventRounds "5"]
[EventCountry "DEN"]
[SourceTitle "EXT 2023"]
[Source "ChessBase"]
[SourceDate "2022.10.05"]
[SourceVersion "1"]
[SourceVersionDate "2022.10.05"]
[SourceQuality "1"]

1. c4 e5 2. Nc3 Nf6 3. Nf3 Nc6 4. g3 d5 5. cxd5 Nxd5 6. Bg2 Nxc3 7. bxc3 f6 8. Qb3 Bc5 9. 0-0 Bb6 10. Ba3 Qd7 11. d3 Qf7 12. Qxf7+ Kxf7 13. Nd2 Be6 14. Bxc6 bxc6 15. Nb3 Rhd8 16. c4 a5 17. Rfc1 a4 18. Nc5 Bg4 19. Kf1 Bh3+ 20. Ke1 Ba5+ 21. Kd1 Bb6 22. Rab1 Ra7 23. Kc2 Rb8 24. f3 Bf5 25. g4 Bc8 26. Rb2 Ra5 27. Ne4 Rb7 28. Rcb1 Raa7 29. Rxb6 Rxb6 30. Rxb6 cxb6 31. Nd6+ Kg6 32. Nxc8 Rb7 33. Nd6 Rb8 34. Ne4 h5 35. h3 hxg4 36. hxg4 b5 37. cxb5 cxb5 38. Bb4 Rb6 39. a3 Kf7 40. Kc3 Ke6 41. Bc5 Rb8 42. Kb4 Kd5 43. Ng3 g6 44. Ne4 f5 45. gxf5 gxf5 46. Nd6 f4 47. Ba7 Rd8 48. Nxb5 Kc6 49. Kxa4 Kb7 50. Kb4 1-0

[Event "DEN-ch M5 Gr2 "]
[Site "Koge"]
[Date "2005.??.??"]
[Round "4"]
[White "Risager, Jakob Koba"]
[Black "Olesen, Michael Jacob"]
[Result "1/2-1/2"]
[WhiteElo "1939"]
[BlackElo "1938"]
[PlyCount "38"]
[EventDate "2005.??.??"]
[EventType "swiss"]
[EventRounds "5"]
[EventCountry "DEN"]
[SourceTitle "EXT 2023"]
[Source "ChessBase"]
[SourceDate "2022.10.05"]
[SourceVersion "1"]
[SourceVersionDate "2022.10.05"]
[SourceQuality "1"]

1. e4 c5 2. Nf3 e6 3. d4 cxd4 4. Nxd4 Nf6 5. Nc3 Nc6 6. Ndb5 Bb4 7. a3 Bxc3+ 8. Nxc3 0-0 9. Be2 d5 10. exd5 Nxd5 11. Nxd5 Qxd5 12. Qxd5 exd5 13. 0-0 Bf5 14. c3 d4 15. cxd4 Nxd4 16. Bc4 Rac8 17. Bd5 b6 18. Bg5 h6 19. Bh4 g5 1/2-1/2